Statistics for Countries that End in O

Click here to take the quiz!

General Stats

  • This quiz has been taken 965 times
  • The average score is 8 of 12

Answer Stats

Country% Correct
Togo
84%
Dem. Rep. of the Congo
78%
Rep. of the Congo
77%
Morocco
76%
Lesotho
75%
Kosovo
73%
Monaco
70%
Montenegro
64%
Mexico
58%
Trinidad and Tobago
56%
Burkina Faso
53%
San Marino
52%

Score Distribution

Percentile by Number Answered

Percent of People with Each Score

Your Score History

You have not taken this quiz